Teología de la creación

সংরক্ষণ করুন:
গ্রন্থ-পঞ্জীর বিবরন
প্রধান লেখক: Silva Gatica, Sergio (Author)
বিন্যাস: গ্রন্থ
ভাষা:স্প্যানিশ
প্রকাশিত: Santiago Seminario Pontificio Mayor de Santiago 1988
সংস্করন:2a. ed
মালা:Colección Fé y Teología, 4
বিষয়গুলি:
ট্যাগগুলো: ট্যাগ যুক্ত করুন
কোনো ট্যাগ নেই, প্রথমজন হিসাবে ট্যাগ করুন!

MARC

LEADER 00000cam a2200000 a 4500
001 UCX2606
003 CL-VaPUC
008 910705e19880000CL |||||||||||||||||spa|d
082 0 4 |a 233.11  |b SIL  |2 21 
100 |a Silva Gatica, Sergio  |e author  |9 593314 
245 1 0 |a Teología de la creación 
250 |a 2a. ed 
300 |a 318 p 
942 |c BK 
945 |d 19910705 00:00:00 
260 |a Santiago  |b Seminario Pontificio Mayor de Santiago  |c 1988 
650 0 |a Creación   |9 313344 
650 0 |a Teología   |9 258766 
583 |a last modification  |c 20150622 05:44:05  |k Rodrigo Vera 
490 0 |a Colección Fé y Teología, 4 
999 |c 315970  |d 315968 
952 |0 0  |1 0  |4 0  |6 233_110000000000000_SIL_1988  |7 0  |8 A  |9 389879  |a BIBTEO  |b BIBTEO  |d 2019-11-22  |i 2882523  |l 1  |o 233.11 SIL 1988  |p 2882523  |r 2025-01-17  |s 2023-11-28  |w 2019-11-22  |y BK  |k ICR 
952 |0 0  |1 0  |3 erb  |4 0  |6 233_110000000000000_SIL_1988  |7 0  |8 A  |9 389880  |a BIBTEO  |b BIBTEO  |e Casale Rolle, Carlos Ignacio, -2014  |i 5181372  |o 233.11 SIL 1988  |p 5181372  |r 2025-01-17  |w 2019-11-22  |y BK  |z Catalogado en:20150605  |k ICR